000 00715nam a22002297a 4500
003 KOHA_MİRAKIL
005 20260414071429.0
008 260408b tu ||||| |||| 00| 0 tur d
020 _a9757914053
040 _aTR-AnABB
_btur
_cTR-AnABB
041 _atur
082 _a338.9564
_bRIC 1995
100 1 _aRichardson, Matthew
245 1 0 _aGüneydoğu Anadolu'nun sürdürülebilir kalkınma potansiyeli /
_cMatthew Richardson
260 _aAnkara :
_bTES-AR Yayınları,
_c1995
300 _a76 sayfa ;
_c20 cm
490 0 _aTES-AR Yayınları ;
_vNo: 15
650 0 4 _aEkonomik politika
650 0 4 _aEkonomik politika, Türkiye
900 _bCan ÇELIK
942 _2ddc
_cBK
999 _c10190
_d10190